| 000 | 01638nam0a22003251 4500 | ||
|---|---|---|---|
| 001 | v19\rc\1955691 | ||
| 005 | 20251118180941.7 | ||
| 035 | _a(NLR Aleph) 005040109 | ||
| 090 |
_a6784222 _c6784222 |
||
| 100 | _a20080428e19131913|||y0rusy50 ca | ||
| 101 | 0 | _arus | |
| 102 | _aRU | ||
| 105 | _aa z ||||| | ||
| 200 | 1 |
_aЭкстирпация копытного хряща по способу проф. С.Е. Пучковского _e(Предвар. сообщ.) _fПрив.-доц. П.Д. Осипчук _g[Из Хирург. клиники Юрьев. вет. ин-та (зав. прив.-доц. П. Осипчук)] |
|
| 210 |
_aЮрьев _cтип. Г. Цирка _d1913 |
||
| 215 |
_a14 с. _cил. _d23 |
||
| 300 | _aРезюме на нем. яз. | ||
| 311 | _aОтт. из "Журн. науч. и практ. вет. медицины", издаваемого Юрьев. вет. ин-том. 1913, т. 7, вып. 1 | ||
| 488 | 0 | _12001#$aЖурнал научной и практической ветеринарной медицины, издаваемый Юрьевским ветеринарным институтом$v1913, т. 7, вып. 1 | |
| 532 | 1 | 2 | _aЭкстирпация копытного хряща по способу профессора С.Е. Пучковского |
| 700 | 1 |
_aОсипчук _bП. Д. _f1869- _gПетр Дмитриевич |
|
| 702 | 1 |
_aПучковский _bС. Е. _4570 |
|
| 801 | 0 |
_aRU _bNLR _gpsbo |
|
| 801 | 0 |
_aRU _bRuMoRGB _2psbo |
|
| 801 | 1 |
_aRU _bProSoft-M _2rusmarc |
|
| 852 |
_aNLR _j37.53.4.528 |
||
| 899 |
_aRuMoRGB _jV 16/1307 |
||
| 899 | _aБАН | ||
| 942 | _cBOOK | ||
| 980 | _aNB | ||